Statistics for Who did that 2010's Song

Click here to take the quiz!

General Stats

  • This quiz has been taken 1,593 times
  • The average score is 12 of 15

Answer Stats

Year Song Artist % Correct
2011Rolling in the DeepAdele
97%
2011FireworkKaty Perry
96%
2010Tik TokKe&ha
93%
2012Call Me MaybeCarly Rae Jepson
88%
2013RoyalsLorde
88%
2010Just the Way You AreBruno Mars
87%
2012Sexy and I Know ItLMFAO
84%
2013RadioactiveImagine Dragons
81%
2013Blurred LinesRobin Thicke (ft. T.I. & Pharrell Williams)
81%
2015SugarMaroon 5
78%
2014Counting StarsOneRepublic
76%
2014HappyPharrell Williams
76%
2012We Are YoungFun.
72%
2014ProblemAriana Grande (ft. Iggy Azalia)
63%
2015Shut Up and DanceWalk The Moon
45%

Score Distribution

Percentile by Number Answered

Percent of People with Each Score

Your Score History

You have not taken this quiz